Goal analysis
| Main Author: | |
|---|---|
| Format: | Book |
| Published: |
Kuala Lumpur :
Golden Books Centre ,
1995
|
| Edition: | 2nd ed. |
| Subjects: |
MARC
| LEADER | 00000cam a2200000 7i4500 | ||
|---|---|---|---|
| 001 | 0000003383 | ||
| 005 | 20050824.0 | ||
| 020 | 0 | 0 | |a 9837201517 |
| 090 | 0 | 0 | |a 658.314 |b MAG |
| 100 | 1 | 0 | |a Mager, Robert F. [ |q (Frank)] , |d 1923- |
| 245 | 1 | 0 | |a Goal analysis |c Robert F. Mager |
| 250 | 0 | 0 | |a 2nd ed. |
| 260 | 0 | 0 | |a Kuala Lumpur : |b Golden Books Centre , |c 1995 |
| 300 | |a vii, 139p. : |b ill. ; |c 23cm. | ||
| 650 | 0 | 0 | |a Industrial management |
| 999 | |a 0000006305 |b Monograph |c Open Shelf |e Default branch | ||